Guevara / (Registro nro. 172344)

Detalles MARC
000 -LEADER
campo de control de longitud fija 00691nam a22002175i 4500
001 - NÚMERO DE CONTROL
campo de control 172344
003 - IDENTIFICADOR DE NÚMERO DE CONTROL
campo de control ES-MaACL
005 - FECHA Y HORA DE LA ÚLTIMA TRANSACCIÓN
campo de control 20231222172316.0
008 - DATOS DE LONGITUD FIJA--INFORMACIÓN GENERAL
campo de control de longitud fija 090625s1962 sp |||| | spa d
080 ## - NÚMERO DE LA CLASIFICACIÓN DECIMAL UNIVERSAL
Número de la Clasificación Decimal Universal 75 Guevara Sández, José
100 1# - ENTRADA PRINCIPAL--NOMBRE DE PERSONA
Nombre de persona Areán, Carlos,
Fechas asociadas al nombre 1921-1996
9 (RLIN) 22562
245 10 - MENCIÓN DEL TÍTULO
Título Guevara /
Mención de responsabilidad, etc. Carlos Antonio Areán.
250 ## - MENCION DE EDICION
Mención de edición 1ª ed.
260 ## - PUBLICACIÓN, DISTRIBUCIÓN, ETC.
Lugar de publicación, distribución, etc. Santander :
Nombre del editor, distribuidor, etc. La Isla de los Ratones,
Fecha de publicación, distribución, etc. 1962.
300 ## - DESCRIPCIÓN FÍSICA
Extensión 53 p. :
Otras características físicas il. ;
Dimensiones 17 cm.
490 1# - MENCIÓN DE SERIE
Mención de serie Colección de arte bisonte ;
Designación de volumen o secuencia 6
600 14 - PUNTO DE ACCESO ADICIONAL DE MATERIA--NOMBRE DE PERSONA
Nombre de persona Guevara Sánchez, José.
9 (RLIN) 140860
830 0# - PUNTO DE ACCESO ADICIONAL DE SERIE-TÍTULO UNIFORME
Título uniforme Colección de arte bisonte ;
Designación de volumen o secuencia 6
9 (RLIN) 189074
852 ## - LOCALIZACIÓN
Ubicación ES-MaACL
Número de control de estantería 2252-F-8
itemnumber R.144585
Existencias
Estatus retirado Estado de pérdida Estado de daño No para préstamo Colección Biblioteca de origen Biblioteca actual Ubicación en estantería Fecha de adquisición Fuente de adquisición Total de préstamos Signatura topográfica completa Código de barras Visto por última vez Precio de reemplazo Tipo de ítem Koha
        Colección de folletos Biblioteca del Ateneo de Madrid Biblioteca del Ateneo de Madrid Depósito folletos 25/06/2009     2252-F-8 1180859 23/02/2023 23/02/2023 Folleto